Методические положения анализа эффективности строительства АЭС в условиях становления ядерной энергетики государства; Изотопы: технологии, материалы и применение

Bibliographic Details
Parent link:Изотопы: технологии, материалы и применение.— 2014.— [С. 108-109]
Main Author: Аусенов К. Ж.
Corporate Author: Национальный исследовательский Томский политехнический университет
Other Authors: Шаманин И. В. Игорь Владимирович (научный руководитель)
Summary:Заглавие с титульного экрана
Language:Russian
Published: 2014
Series:Технологии утилизации и хранения отходов изотопных производств
Subjects:
Online Access:http://earchive.tpu.ru/handle/11683/69751
http://www.lib.tpu.ru/fulltext/c/2014/C84/051.pdf
Format: Electronic Book Chapter
KOHA link:https://koha.lib.tpu.ru/cgi-bin/koha/opac-detail.pl?biblionumber=609692

MARC

LEADER 00000naa2a2200000 4500
001 609692
005 20260325134013.0
035 |a (RuTPU)RU\TPU\conf\7204 
035 |a RU\TPU\conf\7202 
090 |a 609692 
100 |a 20141126d2014 k y0rusy50 ca 
101 0 |a rus 
102 |a RU 
135 |a drgn ---uucaa 
181 0 |a i  
182 0 |a b 
200 1 |a Методические положения анализа эффективности строительства АЭС в условиях становления ядерной энергетики государства  |f К. Ж. Аусенов  |g науч. рук. И. В. Шаманин 
203 |a Текст  |c электронный 
225 1 |a Технологии утилизации и хранения отходов изотопных производств 
300 |a Заглавие с титульного экрана 
320 |a [Библиогр.: с. 109 (4 назв.)] 
337 |a Adobe Reader 
463 0 |0 (RuTPU)RU\TPU\conf\6940  |t Изотопы: технологии, материалы и применение  |o материалы Международной научной конференции молодых ученых, аспирантов и студентов, г. Томск, 20-24 октября 2014 г.  |f Национальный исследовательский Томский политехнический университет (ТПУ)  |v [С. 108-109]  |d 2014 
610 1 |a труды учёных ТПУ 
610 1 |a электронный ресурс 
610 1 |a эффективность 
610 1 |a строительство 
610 1 |a АЭС 
610 1 |a атомные электростанции 
610 1 |a ядерная энергетика 
610 1 |a Казахстан 
700 1 |a Аусенов  |b К. Ж. 
702 1 |a Шаманин  |b И. В.  |c российский физик-ядерщик, специалист в области атомной энергетики  |c профессор Томского политехнического университета, доктор физико-математических наук  |f 1962-  |g Игорь Владимирович  |4 727 
712 0 2 |a Национальный исследовательский Томский политехнический университет  |c (2009- )  |9 26305 
801 2 |a RU  |b 63413507  |c 20141124  |g RCR 
801 2 |a RU  |b 63413507  |c 20220221  |g RCR 
850 |a 63413507 
856 4 |u http://earchive.tpu.ru/handle/11683/69751 
856 4 |u http://www.lib.tpu.ru/fulltext/c/2014/C84/051.pdf 
942 |c BK